| 000 | 01101nam a2200241Ia 4500 | ||
|---|---|---|---|
| 003 | Ost | ||
| 005 | 20260507075247.0 | ||
| 008 | 260507s9999||||xx |||||||||||||| ||und|| | ||
| 020 | _a9789957122232 | ||
| 040 | _cfsecg | ||
| 041 | _aara | ||
| 082 | _a330 | ||
| 100 |
_aالخفاجي، نعمة عباس _eمؤلف |
||
| 245 | 0 |
_aنظرية المنظمة : _bمدخل التصميم / _c نعمة عباس الخفاجي |
|
| 260 |
_aعمان: _bدار اليازوري, _c2009 |
||
| 300 |
_a177 صفحة؛ _bإيضاحات ؛ _c24 سم |
||
| 504 | _aمراجع ص.173 (اقتناءات 2014 3ن) | ||
| 520 | _aمدخل عام في دراسة المنظمة و التنظيم ، بيئة المنظمة و أصحاب المصالح و الاخلاق ، تصميم المنظمةو تصميم التركيب التنظيمي ، العوامل الموقفية المؤثرة على أبعاد الهيكل التنظيمي و خصائصه. | ||
| 653 | _aالتنظيم | ||
| 653 | _aالمنظمات | ||
| 700 |
_aالغالبي، طاهر محسن _eمؤلف ثانوي |
||
| 942 | _cكتاب | ||
| 999 |
_c43668 _d43668 |
||